00948nam a2200205 a 4500008004100000020003200041040002500073044001100098080001900109100003000128245013000158250001900288260004900307300002800356500026400384700003700648700002500685700002400710041000800734951212s1980||||CS 0 slo c c17 Kčs. q(18000 výtl.) aSNKbslocSNKeAACR2 axocSK a1 100.1(081.2)1 aLenin, Vladimir Iľjič10aZobrané spisy 6bJanuár-august 1902cVladimir Iľjič Lenin ; Vladimír Iľjič Lenin, Miroslav Neman, Oto Takáč a2., slov. vyd. aBratislavabPravdac1980eBratislavafPravda a720 s., 33,55 AHc21 cm aLit. 559. Faksim. rkp. na front. Zozn. nenájdených prác V.I.Lenina. Pozn. Reg. lit. prác a men reg. Životopisné údaje. 559 zázn. lit. o knihách, čl., novinách, zbor., listoch a dokumentoch v jaz. slov., čes., rus., nem., angl. a franc.1 aLenin, Vladimír Iľjič4aut1 aNeman, Miroslav4prk1 aTakáč, Oto4gup aslo